000 00376nam a22001457a 4500
999 _c8940
_d8940
003 GBCCL
005 20241126110702.0
008 220203b ||||| |||| 00| 0 eng d
040 _cgbc
082 _aSOU BUN
_b1992
245 _aBungpilon re-union 1992 souvenir /
_cedited by B Thonzathang Ngaihte
260 _aManipur:
_bDTBC,
_c1992
300 _a108p. ;
942 _2ddc
_cARCH